000 00293nam a22001337a 4500
008 170907b xxu||||| |||| 00| 0 eng d
020 _a2901572308687
041 _aeng
080 _a91
100 _a42
101 _aGJEO
245 _aAFRICA SOUH OF THE SAHARA
_cSTOCK, R
942 _2udc
_cBK
999 _c26680
_d26680